Paediatric Clinical Examination/ (Record no. 205433)
[ view plain ]
| 000 -LEADER | |
|---|---|
| fixed length control field | 00563nam a22001937a 4500 |
| 005 - DATE AND TIME OF LATEST TRANSACTION | |
| control field | 20240926153821.0 |
| 010 ## - LCCN (DPL NO) | |
| LC control number | ENG-141538 |
| 020 ## - INTERNATIONAL STANDARD BOOK NUMBER | |
| International Standard Book Number | 9788181914224 |
| Terms of availability | 695.00 |
| 035 ## - SYSTEM CONTROL NUMBER | |
| System control number | EN-125070 |
| 037 ## - SOURCE OF ACQUISITION | |
| Source of stock number/acquisition | DBAD |
| 082 ## - DEWEY DECIMAL CLASSIFICATION NUMBER | |
| Edition number | 4 |
| Classification number | 618.9 |
| 100 ## - MAIN ENTRY--PERSONAL NAME | |
| Personal name | Santhosh Kumar |
| 245 ## - TITLE STATEMENT | |
| Title | Paediatric Clinical Examination/ |
| Statement of responsibility, etc | by Santhosh Kumar |
| 250 ## - EDITION STATEMENT | |
| Edition statement | 4th |
| 260 ## - PUBLICATION, DISTRIBUTION, ETC. (IMPRINT) | |
| Place of publication, distribution, etc | Hyderabad |
| Name of publisher, distributor, etc | Paras Medical Publisher |
| Date of publication, distribution, etc | 2014 |
| 270 ## - ADDRESS | |
| Address | 5-1-475,First Floor ,Putlibowli |
| City | Hyderabad |
| Postal code | 500095 |
| 300 ## - PHYSICAL DESCRIPTION | |
| Extent | 570p.: |
| Dimensions | 24cm(hb) |
| 942 ## - ADDED ENTRY ELEMENTS (KOHA) | |
| Source of classification or shelving scheme | Dewey Decimal Classification |
| Item type | English Books |
| Classification part | 618.9 |
| Call number suffix | SAN |
| Withdrawn status | Lost status | Not for loan | Collection code | Home library | Current library | Date acquired | Source of acquisition | Cost, normal purchase price | Full call number | Barcode | Copy number | Cost, replacement price | Koha item type |
|---|---|---|---|---|---|---|---|---|---|---|---|---|---|
| Non-fiction | Shahdara Branch | Shahdara Branch | 30/08/2024 | DBAD | 695.00 | 618.9 SAN | EN-125070 | 1 | 695.00 | English Books |
